Migrant labor remittances in South Asia (Record no. 77649)

MARC details
000 -LEADER
fixed length control field 01000nam a2200229 a 4500
008 - FIXED-LENGTH DATA ELEMENTS--GENERAL INFORMATION
fixed length control field 060512s2005 ||||||||||||||||| || u
020 ## - INTERNATIONAL STANDARD BOOK NUMBER
International Standard Book Number 082136183X
050 ## - LIBRARY OF CONGRESS CALL NUMBER
Classification number IBRD(06)DD/2005/1
100 ## - MAIN ENTRY--PERSONAL NAME
Personal name Maimbo, Samuel Munzele
245 10 - TITLE STATEMENT
Title Migrant labor remittances in South Asia
Statement of responsibility, etc. Samuel Munzele Maimbo...[et al.]
260 ## - PUBLICATION, DISTRIBUTION, ETC.
Place of publication, distribution, etc. Washington, D. C.
Name of publisher, distributor, etc. World Bank
Date of publication, distribution, etc. 2005
300 ## - PHYSICAL DESCRIPTION
Extent xvi; 83p.; ill.
350 ## -
-- 0.00
490 ## -
-- Directions in development
650 ## - SUBJECT ADDED ENTRY--TOPICAL TERM
Topical term or geographic name entry element LABOUR
650 ## - SUBJECT ADDED ENTRY--TOPICAL TERM
Topical term or geographic name entry element BANKS AND BANKING--SOUTH ASIA
650 ## - SUBJECT ADDED ENTRY--TOPICAL TERM
Topical term or geographic name entry element ALIEN LABOR--SOUTH ASIA--ARAB COUNTRIES
650 ## - SUBJECT ADDED ENTRY--TOPICAL TERM
Topical term or geographic name entry element INFRASTRUCTURE--ECONOMICS--SOUTH ASIA
650 ## - SUBJECT ADDED ENTRY--TOPICAL TERM
Topical term or geographic name entry element MIGRANT LABOR--SOUTH ASIA
995 ## -
-- SPECIAL COLLECTIONS
-- 0.00
-- 43985
-- CBU-MAIN LIBRARY (Kitwe)
-- 1
-- 0.00
-- IBRD(06)DD/2005/1A
-- 1
-- AVAILABLE
-- May 12, 2006
-- 43985
-- International Publications
995 ## -
-- SPECIAL COLLECTIONS
-- 0.00
-- 43988
-- CBU-MAIN LIBRARY (Kitwe)
-- 1
-- 0.00
-- IBRD(06)DD/2005/1B
-- 2
-- AVAILABLE
-- May 12, 2006
-- 43988
-- International Publications
999 ## -
-- 77649
-- 77649
Holdings
Withdrawn status Lost status Source of classification or shelving scheme Damaged status Not for loan Permanent Location Current Location Shelving location Date acquired Total Checkouts Full call number Barcode Date last seen Copy number Price effective from Koha item type
          CBU-MAIN LIBRARY, KITWE. CBU-MAIN LIBRARY, KITWE.   05/03/2023   IBRD(06)DD/2005/1A 43985 05/03/2023 1 05/03/2023 SPECIAL COLLECTION
          CBU-MAIN LIBRARY, KITWE. CBU-MAIN LIBRARY, KITWE.   05/03/2023   IBRD(06)DD/2005/1B 43988 05/03/2023 2 05/03/2023 SPECIAL COLLECTION